01071nas a2200277Ia 4500001002800000003001000028008004100038040002500079041001300104100001700117210001900134222001900153245008600172250001100258260000900269501012300278300001600401362002400417500006900441650002500510700001100535942000700546957000600553999003300559952020100592A10/R172-13432 [r000010793]IT-MiCISF161014c99999999xx |||||||||||| ||und|| aIT-MiCISFcIT-MiCISF aITALIANO aCavedo Romeo aVita pastorale aVita pastorale 0aUn rito festoso dalle solide radici: nozze e banchetti nuziali al tempo di Gesù€ a1a ed. c1993 bCISF - Centro Internazionale Studi Famiglia - Via Giotto, 36 20145 MILANO (non commercial uses only)cCopyright 2016 app. 120-122 an. 7, luglio [1993] a Tema: matrimonio, storia, fidanzamento, celebrazione-matrimonio amatrimoniovarticolo aAA.VV. cCR 71 a13432bSig1c245807d245807 0010406A_10_000000000000000_R17213432_R00001079371aCISFbCISFd2016-10-14l0oA10/R172-13432 [r000010793]r2016-10-14 00:00:00w2016-10-14yCRzData import 15.10.2016 / by Epidotti, Vaglietti